[Event "Valasska Bystrice op"]
[Site "Valasska Bystrice"]
[Date "2014.09.19"]
[Round "8"]
[White "Vaculik, Jakub"]
[Black "Pagac, Jaroslav"]
[Result "1-0"]
[WhiteElo "1981"]
[BlackElo "1928"]
[PlyCount "89"]
[EventDate "2014.09.13"]
[EventType "swiss"]
[EventRounds "9"]
[EventCountry "CZE"]
[SourceTitle "CBM 162 Extra"]
[Source "ChessBase"]
[SourceDate "2014.10.17"]
[SourceVersion "1"]
[SourceVersionDate "2014.10.17"]
[SourceQuality "1"]

1. Nf3 Nf6 2. c4 g6 3. b3 Bg7 4. Bb2 d5 5. g3 0-0 6. Bg2 c6 7. 0-0 dxc4 8. bxc4 Qb6 9. Qc2 Na6 10. d3 Ng4 11. Bxg7 Kxg7 12. Nbd2 f6 13. h3 Nh6 14. Rab1 Qd8 15. g4 Nc7 16. d4 Ne6 17. e3 Nf7 18. Nh4 Nh6 19. f4 f5 20. gxf5 Nxf5 21. Nxf5+ Rxf5 22. Kh2 Qa5 23. Nf3 Qa3 24. Rb3 Qd6 25. c5 Qc7 26. Ne5 Bd7 27. Be4 Raf8 28. Bxf5 Rxf5 29. Rg1 Nf8 30. Nxd7 Qxd7 31. Rxb7 Qxb7 32. Qxf5 Qb2+ 33. Kh1 Qxa2 34. Qe5+ Kf7 35. f5 Qf2 36. fxg6+ Nxg6 37. Qg3 Qc2 38. Qf3+ Kg7 39. Qxc6 a5 40. Qe6 Kh6 41. h4 Qf2 42. Qh3 Qc2 43. Qf3 e5 44. h5 e4 45. Qg3 1-0

[Event "Valasska Bystrice op"]
[Site "Valasska Bystrice"]
[Date "2014.09.13"]
[Round "1"]
[White "Susen, Jaroslav"]
[Black "Pagac, Jaroslav"]
[Result "1-0"]
[WhiteElo "1805"]
[BlackElo "1928"]
[PlyCount "95"]
[EventDate "2014.09.13"]
[EventType "swiss"]
[EventRounds "9"]
[EventCountry "CZE"]
[SourceTitle "CBM 162 Extra"]
[Source "ChessBase"]
[SourceDate "2014.10.17"]
[SourceVersion "1"]
[SourceVersionDate "2014.10.17"]
[SourceQuality "1"]

1. d4 g6 2. c4 Nf6 3. Nc3 d5 4. Nf3 Bg7 5. cxd5 Nxd5 6. e3 0-0 7. Be2 c5 8. Nxd5 Qxd5 9. 0-0 Nc6 10. dxc5 Qxc5 11. Bd2 Bxb2 12. Rb1 Bf6 13. Qa4 Qd6 14. Rfd1 Qc7 15. Rdc1 Bd7 16. Qb5 Rab8 17. Qc5 Be6 18. Bc4 Bxc4 19. Rxc4 Qd7 20. Bc3 Bxc3 21. Rxc3 Rfd8 22. h3 Rbc8 23. Qa3 e6 24. Rcb3 b6 25. Qb2 Na5 26. Rb4 Nc4 27. Qf6 a5 28. Rxc4 Rxc4 29. Ne5 Qc7 30. Nxc4 Rd5 31. Qf4 e5 32. Qe4 Qc6 33. Kh2 Rc5 34. Qxc6 Rxc6 35. Nxb6 Rc2 36. a4 Rxf2 37. Rb5 e4 38. Rxa5 f5 39. Nd5 Kf7 40. Ra7+ Ke6 41. Nf4+ Kd6 42. Rxh7 g5 43. Rh6+ Kc5 44. Ne6+ Kb4 45. Nxg5 Kxa4 46. Re6 Kb3 47. Nxe4 fxe4 48. Rxe4 1-0